[Event "87o Campeonato Brasileiro Absoluto Final Aberta"]
[Site "Cuiaba MT"]
[Date "2021.10.29"]
[Round "2"]
[Board "25"]
[White "Jorge, Denrick Cabral Jose"]
[Black "Marra, Eduardo Da Costa"]
[Result "0-1"]
[WhiteElo "1927"]
[BlackElo "2200"]
[PlyCount "136"]
[EventDate "2021.10.28"]
[EventRounds "11"]
[EventCountry "BRA"]

1. e4 c5 2. d4 cxd4 3. c3 d5 4. exd5 Qxd5 5. cxd4 Nf6 6. Nf3 g6 7. Nc3 Qd8 8.
Bc4 Bg7 9. O-O O-O 10. h3 Nc6 11. Be3 Na5 12. Bd3 Be6 13. b3 Nc6 14. Rc1 Nb4
15. Ng5 Bd5 16. Nxd5 Nfxd5 17. Bc4 e6 18. Ne4 Nxa2 19. Ra1 Nab4 20. Bg5 Qd7 21.
Qf3 b6 22. Ra4 a5 23. Bxd5 Nxd5 24. Nf6+ Nxf6 25. Bxf6 Bxf6 26. Qxf6 b5 27. Ra2
Qd5 28. Rfa1 b4 29. Qe5 Qxb3 30. Rxa5 Rxa5 31. Rxa5 Rd8 32. Rb5 Qd1+ 33. Kh2
Qxd4 34. Qe1 Qc3 35. Qb1 Rd2 36. Rxb4 Rxf2 37. Qe4 Qc7+ 38. Kg1 Rf5 39. Rc4
Qb6+ 40. Kh2 Qd6+ 41. Kg1 Re5 42. Qa8+ Kg7 43. Qa1 g5 44. Re4 f6 45. Rxe5 Qxe5
46. Qa7+ Kg6 47. Qe7 f5 48. Qe8+ Kh6 49. Qf8+ Qg7 50. Qd8 Kg6 51. Kf1 h5 52. g3
Qf6 53. Qg8+ Kh6 54. h4 gxh4 55. gxh4 e5 56. Qg3 f4 57. Qc3 Qe6 58. Kf2 Kg6 59.
Qd3+ e4 60. Qd8 Qa2+ 61. Kf1 Qc4+ 62. Kg1 Qc1+ 63. Kh2 Qc2+ 64. Kg1 Qc5+ 65.
Kf1 Qe5 66. Qg8+ Kf5 67. Qg2 Qa1+ 68. Kf2 Qb2+  0-1

[Event "87o Campeonato Brasileiro Absoluto Final Aberta"]
[Site "Cuiaba MT"]
[Date "2021.10.29"]
[Round "2"]
[Board "26"]
[White "Brito, Luismar"]
[Black "Silva, Guilherme Henrique De Mora"]
[Result "1-0"]
[WhiteElo "2198"]
[BlackElo "1943"]
[PlyCount "59"]
[EventDate "2021.10.28"]
[EventRounds "11"]
[EventCountry "BRA"]

1. Nc3 c5 2. Nf3 e6 3. e4 a6 4. a4 Nc6 5. g3 d6 6. Bg2 Nf6 7. O-O Be7 8. d3 O-O
9. Bf4 Rb8 10. Qd2 b5 11. axb5 axb5 12. e5 dxe5 13. Nxe5 Nxe5 14. Bxe5 Bd6 15.
Bxf6 gxf6 16. Ra7 f5 17. Qh6 Be5 18. Rfa1 Qb6 19. Qg5+ Kh8 20. Qe7 Kg7 21. Ne4
h6 22. Nxc5 Bxb2 23. R1a6 Bxa6 24. Rxa6 Bf6 25. Qxf6+ Kxf6 26. Nd7+ Ke7 27.
Nxb6 Rfd8 28. Bc6 Kd6 29. Bf3 Kc5 30. Na8  1-0

[Event "87o Campeonato Brasileiro Absoluto Final Aberta"]
[Site "Cuiaba MT"]
[Date "2021.10.29"]
[Round "2"]
[Board "27"]
[White "De Oliveira, Yuri Garcia"]
[Black "Jordao Barbosa, Marcio"]
[Result "1-0"]
[WhiteElo "1925"]
[BlackElo "2183"]
[PlyCount "111"]
[EventDate "2021.10.28"]
[EventRounds "11"]
[EventCountry "BRA"]

1. Nf3 c5 2. c4 Nf6 3. Nc3 d5 4. cxd5 Nxd5 5. g3 Nc6 6. Bg2 Nc7 7. O-O e5 8. a3
Be7 9. b4 f5 10. b5 e4 11. bxc6 exf3 12. Bxf3 b5 13. Bh5+ g6 14. Bf3 Be6 15.
Bb2 O-O 16. Qc2 Rb8 17. e3 Bc4 18. d4 Bxf1 19. Rxf1 c4 20. d5 Ne8 21. Ne2 Bf6
22. Nd4 Rf7 23. Ne6 Qe7 24. Rd1 Nd6 25. Bc3 Bxc3 26. Qxc3 h6 27. h4 Kh7 28. Kg2
Qf6 29. Qb4 Ne4 30. c7 Rg8 31. Qa5 Nd6 32. Qa6 Qe5 33. Qxa7 Qb2 34. Qc5 Ne4 35.
Bxe4 fxe4 36. Nf4 Qc2 37. Rh1 Rc8 38. Qd6 Rcxc7 39. Qxg6+ Kh8 40. Qxh6+ Kg8 41.
Qg6+ Kh8 42. h5 Rg7 43. Qe8+ Kh7 44. h6 Rg8 45. Qe5 Rf7 46. d6 c3 47. Qe6 Rgf8
48. d7 Qd2 49. Qxe4+ Kh8 50. Ng6+ Kg8 51. h7+ Kg7 52. h8=Q+ Rxh8 53. Rxh8 Rxf2+
54. Kh3 Rh2+ 55. Kg4 Rxh8 56. Kg5  1-0

[Event "87o Campeonato Brasileiro Absoluto Final Aberta"]
[Site "Cuiaba MT"]
[Date "2021.10.29"]
[Round "2"]
[Board "28"]
[White "Carstens Dobuchak, Thiago"]
[Black "Okamura, Milton Kasuo"]
[Result "1-0"]
[WhiteElo "2179"]
[BlackElo "1937"]
[PlyCount "43"]
[EventDate "2021.10.28"]
[EventRounds "11"]
[EventCountry "BRA"]

1. e4 c5 2. Nf3 e6 3. d4 cxd4 4. Nxd4 Nc6 5. Nc3 Qc7 6. Be2 a6 7. O-O Nf6 8.
Be3 Be7 9. Kh1 O-O 10. f4 d6 11. a3 Bd7 12. Bd3 b5 13. Qf3 Rfe8 14. Rae1 Rac8
15. Qg3 g6 16. Nxc6 Bxc6 17. f5 Nd7 18. fxe6 fxe6 19. Qh3 Bf8 20. Rf7 Bg7 21.
Ref1 Qd8 22. Bh6  1-0

[Event "87o Campeonato Brasileiro Absoluto Final Aberta"]
[Site "Cuiaba MT"]
[Date "2021.10.29"]
[Round "2"]
[Board "29"]
[White "Santanna, Paulo"]
[Black "Abrantes, Tiago Garrido"]
[Result "0-1"]
[WhiteElo "1894"]
[BlackElo "2178"]
[PlyCount "62"]
[EventDate "2021.10.28"]
[EventRounds "11"]
[EventCountry "BRA"]

1. d4 Nf6 2. Nc3 d5 3. Bf4 Bf5 4. f3 e6 5. g4 Bg6 6. h4 h6 7. e3 c5 8. Nb5 Na6
9. c3 Qb6 10. a4 Be7 11. Bd3 Bxd3 12. Qxd3 c4 13. Qc2 Rc8 14. Qh2 Kd7 15. Ne2
Nb8 16. O-O a6 17. Na3 Nc6 18. e4 Na5 19. Be5 dxe4 20. fxe4 Nxg4 21. Qf4 h5 22.
Bxg7 Rhg8 23. Qxf7 Ne5 24. Qxh5 Rxg7+ 25. Kh1 Nd3 26. d5 e5 27. b4 Qe3 28. Qf5+
Kc7 29. Nd4 exd4 30. d6+ Bxd6 31. Qxa5+ Kb8  0-1

[Event "87o Campeonato Brasileiro Absoluto Final Aberta"]
[Site "Cuiaba MT"]
[Date "2021.10.29"]
[Round "2"]
[Board "30"]
[White "Ribeiro, Matheus Mendes Domingues"]
[Black "Gazineu Neto, Rubens"]
[Result "1-0"]
[WhiteElo "2177"]
[BlackElo "1931"]
[PlyCount "60"]
[EventDate "2021.10.28"]
[EventRounds "11"]
[EventCountry "BRA"]

1. c4 e5 2. Nc3 Nf6 3. Nf3 Nc6 4. e4 d6 5. d4 Bg4 6. d5 Nd4 7. Be3 Nxf3+ 8.
gxf3 Bh5 9. Be2 Be7 10. f4 exf4 11. Bxf4 Bg6 12. Qc2 Nd7 13. O-O-O Bg5 14. Qd2
h6 15. Rhg1 Nc5 16. Qe3 Qf6 17. Bxg5 hxg5 18. Rxg5 Rxh2 19. f4 O-O-O 20. e5
dxe5 21. Rxe5 b6 22. Nb5 Kb8 23. Nd4 Kb7 24. Bf3 Kc8 25. f5 Bh5 26. Bxh5 Rxh5
27. Nc6 Rdh8 28. Re8+ Kb7 29. Nd8+ Kc8 30. Nxf7+ Kd7  1-0

[Event "87o Campeonato Brasileiro Absoluto Final Aberta"]
[Site "Cuiaba MT"]
[Date "2021.10.29"]
[Round "2"]
[Board "31"]
[White "Rocha, Vitor Firmo De Souza"]
[Black "Costa, Kerginaldo Brito Da"]
[Result "0-1"]
[WhiteElo "2176"]
[BlackElo "1926"]
[PlyCount "130"]
[EventDate "2021.10.28"]
[EventRounds "11"]
[EventCountry "BRA"]

1. e4 c5 2. Nf3 e6 3. d4 cxd4 4. Nxd4 a6 5. Bd3 Nf6 6. O-O Qc7 7. Qe2 d6 8. c4
g6 9. Nc3 Bg7 10. Rd1 O-O 11. Nf3 Nbd7 12. h3 b6 13. Bf4 Bb7 14. Rac1 Rac8 15.
b3 Nh5 16. Bh2 Bh6 17. Bb1 Nf4 18. Qf1 e5 19. Rc2 Nc5 20. g3 Nh5 21. Nd5 Bxd5
22. cxd5 Qa7 23. g4 Nf4 24. g5 Bg7 25. Bxf4 exf4 26. Nd4 Qe7 27. Qg2 Bxd4 28.
Rxd4 Qe5 29. Rd1 Nd7 30. Rc6 Rxc6 31. dxc6 Nc5 32. Rd5 Qe7 33. Qg4 Ne6 34. e5
dxe5 35. Rxe5 Qd6 36. Re1 Qxc6 37. Be4 Qc3 38. Kf1 Qa5 39. h4 Rd8 40. Bh1 Qb5+
41. Kg1 Qd7 42. Bg2 Qd6 43. Bh3 Nd4 44. Bg2 f5 45. gxf6 Qxf6 46. Bf1 b5 47. Bg2
h5 48. Qg5 Qxg5 49. hxg5 Kf7 50. Re4 Ne6 51. Bh3 Nxg5 52. Rxf4+ Kg7 53. Bg2
Rd1+ 54. Kh2 Rd2 55. a4 bxa4 56. Rxa4 Rxf2 57. Rxa6 Rb2 58. Rb6 h4 59. Kh1 h3
60. Bd5 Kh6 61. Rf6 Kh5 62. Rf4 Nh7 63. Bf3+ Kh6 64. Rh4+ Kg7 65. Bg4 Ng5  0-1

[Event "87o Campeonato Brasileiro Absoluto Final Aberta"]
[Site "Cuiaba MT"]
[Date "2021.10.29"]
[Round "2"]
[Board "32"]
[White "Sega, Carlos Alberto"]
[Black "Azevedo Junior, Joao Nunes"]
[Result "1-0"]
[WhiteElo "2164"]
[BlackElo "1919"]
[PlyCount "61"]
[EventDate "2021.10.28"]
[EventRounds "11"]
[EventCountry "BRA"]

1. c4 Nf6 2. Nc3 g6 3. g3 Bg7 4. Bg2 O-O 5. e4 d6 6. Nge2 c5 7. O-O Nc6 8. d3
a6 9. h3 Rb8 10. a4 Qa5 11. Bd2 Qc7 12. Rc1 Nb4 13. Be3 Be6 14. b3 Nd7 15. f4
f5 16. Kh2 Nf6 17. Qd2 Rbd8 18. d4 fxe4 19. Nxe4 Nxe4 20. Bxe4 Qd7 21. Bg2 b6
22. Nc3 Bf5 23. d5 Qe8 24. g4 Bc8 25. Rce1 Qf7 26. Ne4 e6 27. Ng5 Qe7 28. dxe6
Bxe6 29. Bg1 Rxf4 30. Qxf4 Nd3 31. Rxe6  1-0

[Event "87o Campeonato Brasileiro Absoluto Final Aberta"]
[Site "Cuiaba MT"]
[Date "2021.10.29"]
[Round "2"]
[Board "33"]
[White "Cardoso, Marcio De Lucca"]
[Black "Zallio, Luciano De Souza"]
[Result "0-1"]
[WhiteElo "1892"]
[BlackElo "2163"]
[PlyCount "104"]
[EventDate "2021.10.28"]
[EventRounds "11"]
[EventCountry "BRA"]

1. e4 c5 2. Nf3 e6 3. d4 cxd4 4. Nxd4 Nf6 5. Nc3 Bb4 6. Bd3 Nc6 7. Be3 Qa5 8.
O-O O-O 9. Nb3 Qd8 10. f4 d5 11. e5 Ne8 12. Qh5 f5 13. Ne2 g6 14. Qh3 Rf7 15.
Kh1 Bf8 16. Nbd4 Nb4 17. Bd2 Nxd3 18. Qxd3 Bd7 19. Nf3 Be7 20. Ned4 Rc8 21. Rg1
h5 22. g3 Qb6 23. a4 Nc7 24. b4 Na6 25. c3 Rc4 26. Be3 Qd8 27. Nd2 Rc8 28. N2b3
Nc7 29. Nf3 Ra8 30. Rgd1 Qe8 31. b5 b6 32. Rac1 Qb8 33. Qd4 Qb7 34. Kg2 Rb8 35.
c4 Ba3 36. Ra1 dxc4 37. Rxa3 cxb3 38. Rxb3 Nd5 39. Kf2 Rc8 40. Bc1 Rc2+ 41. Bd2
Rf8 42. Ne1 Rc7 43. Rc1 Rcc8 44. Rbb1 a6 45. Rxc8 Rxc8 46. Qd3 axb5 47. axb5
Qa8 48. Nf3 Qa2 49. Ke1 Rc2 50. Rd1 Qa4 51. Nd4 Rc4 52. Be3 Rc3  0-1

[Event "87o Campeonato Brasileiro Absoluto Final Aberta"]
[Site "Cuiaba MT"]
[Date "2021.10.29"]
[Round "2"]
[Board "34"]
[White "Souza, Rafael Cabral De"]
[Black "Da Silva, Fabio Lima"]
[Result "1-0"]
[WhiteElo "2162"]
[BlackElo "1909"]
[PlyCount "61"]
[EventDate "2021.10.28"]
[EventRounds "11"]
[EventCountry "BRA"]

1. e4 c5 2. Nf3 d6 3. d4 cxd4 4. Nxd4 Nf6 5. Nc3 g6 6. Be3 Bg7 7. f3 Nc6 8. Qd2
O-O 9. Bc4 Bd7 10. h4 h5 11. O-O-O Rc8 12. Bb3 Na5 13. Bg5 Nc4 14. Qe2 Qc7 15.
Bxf6 Bxf6 16. Nd5 Qc5 17. Nxf6+ exf6 18. Bxc4 Qxc4 19. Qxc4 Rxc4 20. Rd2 Rfc8
21. Rhd1 Kg7 22. c3 b5 23. Nc2 a5 24. Rxd6 Be6 25. Nd4 b4 26. Nxe6+ fxe6 27.
Rxe6 bxc3 28. Rd7+ Kh6 29. b3 R4c6 30. Ree7 Rh8 31. Kc2  1-0

[Event "87o Campeonato Brasileiro Absoluto Final Aberta"]
[Site "Cuiaba MT"]
[Date "2021.10.29"]
[Round "2"]
[Board "35"]
[White "Zanette, Edgard Vinicius"]
[Black "Cabral Teske, Luiz Fernando"]
[Result "1-0"]
[WhiteElo "2157"]
[BlackElo "1894"]
[PlyCount "109"]
[EventDate "2021.10.28"]
[EventRounds "11"]
[EventCountry "BRA"]

1. e4 c5 2. Nf3 d6 3. d4 cxd4 4. Nxd4 Nf6 5. f3 e5 6. Nb3 d5 7. Bg5 d4 8. c3
Nc6 9. Bb5 h6 10. Bxf6 Qxf6 11. cxd4 Bb4+ 12. Nc3 O-O 13. Bxc6 bxc6 14. dxe5
Qxe5 15. Qd4 Qe7 16. O-O Rd8 17. Qe3 Be6 18. Kh1 Bxb3 19. axb3 a5 20. Rfd1
Rxd1+ 21. Rxd1 Rd8 22. Rd3 Rxd3 23. Qxd3 Qg5 24. Ne2 Qd2 25. Qxd2 Bxd2 26. Kg1
Kf8 27. Kf2 Ke7 28. Nd4 Kd7 29. Nf5 g6 30. Ne3 Bb4 31. Ke2 Kd6 32. f4 h5 33.
Kd3 Ke6 34. Nc4 f6 35. g3 g5 36. Kd4 gxf4 37. gxf4 Ke7 38. h3 Ke6 39. f5+ Ke7
40. e5 fxe5+ 41. Kxe5 Be1 42. f6+ Kf7 43. Nd6+ Kf8 44. Ke6 Bb4 45. Nc4 Be1 46.
Ne5 Bb4 47. Nxc6 Be1 48. Ne5 Bb4 49. Ng6+ Ke8 50. f7+ Kd8 51. f8=Q+ Bxf8 52.
Nxf8 Kc7 53. Kd5 Kb6 54. Kc4 Kc6 55. Ng6  1-0

[Event "87o Campeonato Brasileiro Absoluto Final Aberta"]
[Site "Cuiaba MT"]
[Date "2021.10.29"]
[Round "2"]
[Board "36"]
[White "Brito, Vicente De Paulo Alencar"]
[Black "Gauche, Charles"]
[Result "0-1"]
[WhiteElo "1889"]
[BlackElo "2155"]
[PlyCount "76"]
[EventDate "2021.10.28"]
[EventRounds "11"]
[EventCountry "BRA"]

1. d4 d5 2. Bf4 c5 3. e3 Nc6 4. Nc3 cxd4 5. exd4 Bf5 6. g4 Bg6 7. h4 h6 8. Nf3
a6 9. Ne5 Nxe5 10. Bxe5 e6 11. h5 Bh7 12. Bd3 Bxd3 13. Qxd3 Nf6 14. f3 Bb4 15.
O-O O-O 16. Ne2 Bd6 17. Qe3 Nh7 18. Nf4 Bxe5 19. Qxe5 Qb6 20. Rab1 Rac8 21. c3
Rfe8 22. Kg2 f6 23. Qe2 Nf8 24. Rbe1 Qd6 25. Nd3 Rc7 26. f4 Nh7 27. Rf3 b6 28.
Re3 Rce7 29. Qf3 a5 30. b4 axb4 31. Nxb4 Kf8 32. g5 hxg5 33. h6 gxf4 34. R3e2
g6 35. Nd3 g5 36. Qh5 e5 37. Qg6 e4 38. Ne5 Qe6  0-1

[Event "87o Campeonato Brasileiro Absoluto Final Aberta"]
[Site "Cuiaba MT"]
[Date "2021.10.29"]
[Round "2"]
[Board "37"]
[White "Luz, Arthur Nader"]
[Black "Passos, Rafael Moreira"]
[Result "1-0"]
[WhiteElo "2149"]
[BlackElo "1893"]
[PlyCount "57"]
[EventDate "2021.10.28"]
[EventRounds "11"]
[EventCountry "BRA"]

1. d4 d5 2. Bf4 Nf6 3. e3 c5 4. Nf3 e6 5. Nbd2 Bd6 6. c3 O-O 7. Bg3 Qc7 8. Ne5
Nbd7 9. f4 b6 10. Bd3 Bb7 11. Qf3 Rad8 12. Bh4 Rfe8 13. Qh3 Be7 14. Bb5 Nxe5
15. fxe5 Nd7 16. O-O Bxh4 17. Qxh4 a6 18. Bd3 Nf8 19. Rf3 Qe7 20. Qh5 g6 21.
Qh6 Nd7 22. Rh3 f5 23. exf6 Nxf6 24. Bxg6 hxg6 25. Qh8+ Kf7 26. Rh7+ Nxh7 27.
Qxh7+ Kf6 28. Rf1+ Kg5 29. h4+  1-0

[Event "87o Campeonato Brasileiro Absoluto Final Aberta"]
[Site "Cuiaba MT"]
[Date "2021.10.29"]
[Round "2"]
[Board "38"]
[White "Kruger, Israel"]
[Black "Lage, Pedro Ferreira"]
[Result "0-1"]
[WhiteElo "1882"]
[BlackElo "2144"]
[PlyCount "62"]
[EventDate "2021.10.28"]
[EventRounds "11"]
[EventCountry "BRA"]

1. e4 e6 2. Nf3 d5 3. exd5 exd5 4. d4 Bd6 5. Bd3 Ne7 6. O-O Bg4 7. Re1 Nbc6 8.
c3 Qd7 9. b4 O-O 10. Bg5 Ng6 11. Nbd2 f6 12. Bxg6 hxg6 13. Bh4 Ne7 14. Bg3 Nf5
15. Bxd6 Nxd6 16. Qc2 Bf5 17. Qb3 c6 18. Re3 Rfe8 19. Rae1 Rxe3 20. Rxe3 Re8
21. c4 Rxe3 22. fxe3 dxc4 23. Qc3 b5 24. h3 Qe6 25. Kf2 Bd3 26. Ne1 Nf5 27. e4
Bxe4 28. Nxe4 Qxe4 29. Nf3 g5 30. a4 a6 31. axb5 axb5  0-1

[Event "87o Campeonato Brasileiro Absoluto Final Aberta"]
[Site "Cuiaba MT"]
[Date "2021.10.29"]
[Round "2"]
[Board "39"]
[White "Oliveira, Leonardo Tadeu De Alme"]
[Black "Farias, Igor Borge Cardoso"]
[Result "1-0"]
[WhiteElo "2121"]
[BlackElo "1889"]
[PlyCount "93"]
[EventDate "2021.10.28"]
[EventRounds "11"]
[EventCountry "BRA"]

1. e4 c5 2. Nf3 d6 3. d4 cxd4 4. Nxd4 Nf6 5. Nc3 a6 6. Bg5 e6 7. f4 Be7 8. Qf3
Qc7 9. O-O-O Nbd7 10. g4 b5 11. Bxf6 Nxf6 12. g5 Nd7 13. f5 Bxg5+ 14. Kb1 Ne5
15. Qh5 Bf6 16. fxe6 g6 17. exf7+ Qxf7 18. Qh6 Bg7 19. Qd2 Bg4 20. Be2 Bxe2 21.
Qxe2 O-O 22. Nd5 Nc4 23. Rhe1 Qf2 24. c3 Qh4 25. Rf1 Rxf1 26. Rxf1 Qxe4+ 27.
Qxe4 Nd2+ 28. Kc2 Nxe4 29. Ne7+ Kh8 30. Re1 Ng5 31. Ndc6 Nf3 32. Re3 Rf8 33.
Kb3 Nd2+ 34. Kc2 Nc4 35. Re2 Rf3 36. Nd5 Be5 37. b3 Na3+ 38. Kb2 Rd3 39. Nxe5
Rxd5 40. Nd7 b4 41. cxb4 Nb5 42. Re7 Rd2+ 43. Kb1 Rxh2 44. a4 Nc3+ 45. Kc1 g5
46. Nf6 h6 47. Rh7#  1-0

[Event "87o Campeonato Brasileiro Absoluto Final Aberta"]
[Site "Cuiaba MT"]
[Date "2021.10.29"]
[Round "2"]
[Board "40"]
[White "Trevisan, Rodrigo"]
[Black "Valcarcel, Victor Ignacio Dos Santos"]
[Result "1/2-1/2"]
[WhiteElo "2111"]
[BlackElo "1879"]
[PlyCount "59"]
[EventDate "2021.10.28"]
[EventRounds "11"]
[EventCountry "BRA"]

1. c4 c5 2. Nf3 g6 3. Nc3 Bg7 4. e3 Nf6 5. Be2 O-O 6. O-O d5 7. d4 cxd4 8. Nxd4
Nc6 9. cxd5 Nxd5 10. Nxd5 Qxd5 11. Bf3 Qc5 12. Nxc6 bxc6 13. Qa4 Rb8 14. Rb1
Bf5 15. e4 Rb4 16. Qa3 Be6 17. Be3 Bd4 18. Bxd4 Qxd4 19. Rfd1 Qb6 20. b3 a5 21.
Rbc1 a4 22. Rxc6 Qb5 23. Rdc1 axb3 24. axb3 Rxb3 25. Qc5 Ra8 26. h3 Qxc5 27.
R6xc5 Ra2 28. Bd1 Rbb2 29. R5c2 Rxc2 30. Bxc2  1/2-1/2

[Event "87o Campeonato Brasileiro Absoluto Final Aberta"]
[Site "Cuiaba MT"]
[Date "2021.10.29"]
[Round "2"]
[Board "41"]
[White "Fernandes, Pedro Guilherme Muniz"]
[Black "Almeida Junior, Alvaro Alves De"]
[Result "0-1"]
[WhiteElo "1682"]
[BlackElo "2106"]
[PlyCount "62"]
[EventDate "2021.10.28"]
[EventRounds "11"]
[EventCountry "BRA"]

1. Nf3 Nf6 2. g3 e6 3. Bg2 d5 4. c4 Be7 5. d4 O-O 6. O-O dxc4 7. Qc2 a6 8. Qxc4
b5 9. Qc2 Bb7 10. Bd2 Be4 11. Qc1 Nbd7 12. Ba5 Rc8 13. Nbd2 Ba8 14. Qc2 Qe8 15.
b4 Bd6 16. Rfc1 Qe7 17. a3 e5 18. dxe5 Nxe5 19. Nd4 Bxg2 20. Nf5 Qe6 21. Kxg2
g6 22. Nxd6 cxd6 23. Qb3 d5 24. Qe3 Rfe8 25. f4 Nfg4 26. Qb6 Nc6 27. e4 dxe4
28. Re1 e3 29. h3 Qd5+ 30. Nf3 Nd4 31. Qxd4 Rc2+  0-1

[Event "87o Campeonato Brasileiro Absoluto Final Aberta"]
[Site "Cuiaba MT"]
[Date "2021.10.29"]
[Round "2"]
[Board "42"]
[White "Mariano, Marceley Martins"]
[Black "Timossi, Lucas Jose Santiago"]
[Result "1-0"]
[WhiteElo "2095"]
[BlackElo "1737"]
[PlyCount "43"]
[EventDate "2021.10.28"]
[EventRounds "11"]
[EventCountry "BRA"]

1. e4 Nf6 2. Nc3 d6 3. d4 g6 4. f4 Bg7 5. Nf3 O-O 6. Bc4 c6 7. a4 Qa5 8. Bd2
Bg4 9. Qe2 Qh5 10. O-O-O a6 11. e5 Ne8 12. h3 Bxf3 13. gxf3 d5 14. Bd3 e6 15.
Rdg1 Qh4 16. Rg4 Qe7 17. Rhg1 Nc7 18. f5 Qd7 19. f6 Bh8 20. Qe3 b5 21. Qh6 bxa4
22. Rh4  1-0

[Event "87o Campeonato Brasileiro Absoluto Final Aberta"]
[Site "Cuiaba MT"]
[Date "2021.10.29"]
[Round "2"]
[Board "45"]
[White "Federzoni, Enzo"]
[Black "Barbosa Filho, Lucio De Sa"]
[Result "1-0"]
[WhiteElo "2215"]
[BlackElo "1909"]
[PlyCount "117"]
[EventDate "2021.10.28"]
[EventRounds "11"]
[EventCountry "BRA"]

1. e4 e5 2. Nf3 Nc6 3. d4 exd4 4. Nxd4 Bc5 5. Nxc6 Qf6 6. Qf3 dxc6 7. Nc3 Qxf3
8. gxf3 Be6 9. Rg1 Ne7 10. Be3 Bxe3 11. fxe3 g6 12. O-O-O O-O 13. Bd3 f5 14. f4
Kf7 15. h4 Rad8 16. h5 Rg8 17. Rg3 a6 18. Rh1 b5 19. Rg5 a5 20. b3 b4 21. Ne2
fxe4 22. Bxe4 Bd5 23. hxg6+ hxg6 24. Rh7+ Rg7 25. Rxg7+ Kxg7 26. Bxg6 Nxg6 27.
f5 Kf6 28. Rxg6+ Kxf5 29. Rg7 Rc8 30. Kd2 Kf6 31. Rd7 Ke6 32. Rh7 Be4 33. Nd4+
Kd6 34. Rh6+ Kc5 35. Rh5+ Kb6 36. Re5 Bg2 37. e4 Bh3 38. Rh5 Bd7 39. e5 c5 40.
Rh6+ c6 41. Ne2 Re8 42. Rh5 Bg4 43. Rg5 Bxe2 44. Kxe2 c4 45. bxc4 Kc5 46. Kd3
Rd8+ 47. Ke4 Kxc4 48. e6 c5 49. Rg3 Re8 50. Ke5 a4 51. Kd6 Kd4 52. Kd7 Ra8 53.
e7 c4 54. e8=Q Rxe8 55. Kxe8 c3 56. Rg4+ Kc5 57. Ke7 b3 58. cxb3 axb3 59. axb3
 1-0

[Event "87o Campeonato Brasileiro Absoluto Final Aberta"]
[Site "Cuiaba MT"]
[Date "2021.10.29"]
[Round "2"]
[Board "46"]
[White "Lima, Carlos Eduardo I De Araujo"]
[Black "Mazetto, Sergio Luiz"]
[Result "1/2-1/2"]
[WhiteElo "1815"]
[BlackElo "2119"]
[PlyCount "96"]
[EventDate "2021.10.28"]
[EventRounds "11"]
[EventCountry "BRA"]

1. d4 Nf6 2. Nf3 d5 3. c3 Bf5 4. Bf4 e6 5. e3 c6 6. Bd3 Bxd3 7. Qxd3 Bd6 8. Bg3
Qe7 9. Nbd2 O-O 10. O-O Bxg3 11. hxg3 Nbd7 12. e4 dxe4 13. Nxe4 Rfd8 14. Rae1
Nxe4 15. Qxe4 h6 16. g4 Nf6 17. Qf4 Nd5 18. Qe5 Qf6 19. Qh5 Nf4 20. Qh2 g5 21.
Ne5 Kg7 22. g3 Ng6 23. f4 gxf4 24. gxf4 Nxe5 25. Rxe5 Rd5 26. g5 Qg6 27. Qxh6+
Qxh6 28. gxh6+ Kxh6 29. Kf2 Kg7 30. Rg1+ Kf6 31. Rh1 Rg8 32. Rh2 Rg4 33. Ke3 b5
34. Ke4 a5 35. c4 bxc4 36. Rc2 Ke7 37. Kf3 Rg8 38. Rxc4 Kd6 39. Ra4 Rb8 40.
Rxd5+ Kxd5 41. Rxa5+ Kxd4 42. b3 c5 43. Kg4 f6 44. Ra6 Kd5 45. f5 Rb4+ 46. Kf3
exf5 47. Rxf6 Ke5 48. Rc6 Kd5  1/2-1/2

[Event "87o Campeonato Brasileiro Absoluto Final Aberta"]
[Site "Cuiaba MT"]
[Date "2021.10.29"]
[Round "2"]
[Board "47"]
[White "Da Cruz, Emerson"]
[Black "Urquiza, Marcello De Albuquerque"]
[Result "0-1"]
[WhiteElo "1623"]
[BlackElo "2093"]
[PlyCount "62"]
[EventDate "2021.10.28"]
[EventRounds "11"]
[EventCountry "BRA"]

1. c4 c6 2. e4 d5 3. exd5 cxd5 4. d4 e6 5. Nc3 Nf6 6. Nf3 Nc6 7. Be3 Be7 8. Rc1
O-O 9. cxd5 Nxd5 10. Bd3 Nxe3 11. fxe3 Bh4+ 12. g3 Bg5 13. Nxg5 Qxg5 14. Qf3
Nxd4 15. Qe4 Nf5 16. Ke2 g6 17. Qf3 e5 18. Ne4 Qe7 19. Rhd1 Kg7 20. Rc2 Nh6 21.
Nf2 Be6 22. Kf1 Rfc8 23. Rdc1 Rxc2 24. Rxc2 Bxa2 25. Qe4 a6 26. Qa4 Bd5 27. Be4
Bxe4 28. Qxe4 Rd8 29. Nd3 f6 30. Nb4 Nf5 31. Nd5 Rxd5  0-1

[Event "87o Campeonato Brasileiro Absoluto Final Aberta"]
[Site "Cuiaba MT"]
[Date "2021.10.29"]
[Round "2"]
[Board "48"]
[White "Toth, Peter"]
[Black "Correa, Joao Pedro Vieira"]
[Result "1/2-1/2"]
[WhiteElo "2004"]
[BlackElo "1750"]
[PlyCount "68"]
[EventDate "2021.10.28"]
[EventRounds "11"]
[EventCountry "BRA"]

1. c4 e5 2. Nc3 Nc6 3. Nf3 f5 4. d4 e4 5. d5 exf3 6. dxc6 fxg2 7. cxd7+ Bxd7 8.
Bxg2 c6 9. Qd4 Qf6 10. Be3 Be6 11. O-O-O Bb4 12. a3 Bxc3 13. bxc3 Qxd4 14. Bxd4
Kf7 15. Bf3 Nf6 16. c5 Rad8 17. Rhg1 g6 18. Kc2 Rhe8 19. h4 h5 20. Rd2 Bd5 21.
Bxd5+ Rxd5 22. f3 Rd7 23. e3 Rde7 24. Rdg2 Rg8 25. Kd3 Nd5 26. Rg5 Nc7 27. e4
f4 28. Be5 Ne6 29. Bd6 Nxg5 30. Rxg5 Rd8 31. e5 Re6 32. a4 b6 33. Kc4 Rd7 34.
Rg1 Rb7  1/2-1/2

[Event "87o Campeonato Brasileiro Absoluto Final Aberta"]
[Site "Cuiaba MT"]
[Date "2021.10.29"]
[Round "2"]
[Board "49"]
[White "Olivo, Anibal Ribeiro"]
[Black "De Andrade, Dalson Holanda Caval"]
[Result "0-1"]
[WhiteElo "1588"]
[BlackElo "2000"]
[PlyCount "92"]
[EventDate "2021.10.28"]
[EventRounds "11"]
[EventCountry "BRA"]

1. e4 c5 2. Nf3 d6 3. d4 cxd4 4. Nxd4 Nf6 5. Nc3 a6 6. Be2 e5 7. Nb3 Be6 8. O-O
Be7 9. Be3 O-O 10. f4 Qc7 11. f5 Bc4 12. Bxc4 Qxc4 13. Qd3 Qxd3 14. cxd3 Nbd7
15. Bg5 h6 16. Bh4 Rac8 17. Rac1 b5 18. a3 Rfe8 19. Na2 Nc5 20. Nxc5 dxc5 21.
Bxf6 Bxf6 22. Nc3 Bg5 23. Rc2 c4 24. dxc4 Rxc4 25. Rd1 Rec8 26. Re2 Rd4 27.
Rxd4 exd4 28. Nd1 d3 29. Re1 Rc2 30. Nf2 d2 31. Rd1 Be3 32. Kf1 Rc1 33. Ke2
Bxf2 34. Rxd2 Bh4 35. g3 Bg5 36. Rd6 a5 37. Rd5 Rc2+ 38. Kf3 Rxb2 39. a4 bxa4
40. Rxa5 Rb3+ 41. Kg2 a3 42. e5 Bc1 43. Ra8+ Kh7 44. e6 fxe6 45. fxe6 Re3 46.
Ra6 Bb2  0-1

[Event "87o Campeonato Brasileiro Absoluto Final Aberta"]
[Site "Cuiaba MT"]
[Date "2021.10.29"]
[Round "2"]
[Board "50"]
[White "Naief Moreira, Cleber"]
[Black "Araujo, Everson De Moura"]
[Result "1/2-1/2"]
[WhiteElo "1852"]
[BlackElo "1965"]
[PlyCount "91"]
[EventDate "2021.10.28"]
[EventRounds "11"]
[EventCountry "BRA"]

1. e4 c5 2. c3 Nf6 3. d3 Nc6 4. Nf3 d6 5. g3 g6 6. Bg2 Bg7 7. a4 O-O 8. O-O Rb8
9. Re1 e5 10. d4 cxd4 11. cxd4 Bg4 12. d5 Nd4 13. Nc3 a6 14. a5 Nd7 15. Be3 Rc8
16. Bxd4 exd4 17. Ne2 Rc4 18. Qd3 Rb4 19. Qd2 Rc4 20. Nexd4 Qf6 21. Rac1 Rfc8
22. b3 Rxc1 23. Rxc1 Rxc1+ 24. Qxc1 Nc5 25. e5 dxe5 26. Qxc5 exd4 27. d6 d3 28.
Nd2 Qa1+ 29. Bf1 Bd4 30. Qd5 Be6 31. d7 Bxf2+ 32. Kxf2 Qf6+ 33. Qf3 Qd4+ 34.
Qe3 Qxd7 35. Qxd3 Qc7 36. Nc4 Qc5+ 37. Qe3 Qb4 38. Qb6 Qc3 39. Qxb7 Qd4+ 40.
Ne3 Qd2+ 41. Be2 Qxa5 42. Qxa6 Qc3 43. Qb6 Bxb3 44. Qb8+ Kg7 45. Qf4 h5 46. Qe4
 1/2-1/2